000 00491nam a2200193Ia 4500
003 LK-CoDNM
005 20241210091309.0
008 010623t xxu||||| |||| 00| 1 sin d
040 _aLK-CoDNM
_dLK-CoDNM
_eLK-CoDNM
041 _asin
080 _a8 C-3
_b PER
100 _aPerera, H.Ariyadasa
245 _aගැමි සාහිත්‍ය
246 _aGemi sahithyaya
260 _bM.D.gunasena
_aColombo
300 _bvi, 176p. ; 18.5 cm
650 _aLiterature
942 _cBK
999 _c138037
_d138037